Hướng dẫn sử dụng Photoshop 7.0

Nội dung sách giới thiệu những điểm mới trong Photoshop 7.0. Khảo sát vùng làm việc với Photoshop 7.0. Nhập các file ảnh vào Photoshop và ImageReady. Làm việc với các mẫu màu trong Photoshop 7.0...

保存先:
書誌詳細
第一著者: Quang Huy
フォーマット: 図書
言語:Undetermined
出版事項: Hà Nội Thống kê 2002
主題:
タグ: タグ追加
タグなし, このレコードへの初めてのタグを付けませんか!
Thư viện lưu trữ: Trung tâm Học liệu Trường Đại học Cần Thơ
LEADER 00837nam a2200193Ia 4500
001 CTU_232263
008 210402s9999 xx 000 0 und d
082 |a 006.68 
082 |b Qu106 
100 |a Quang Huy 
245 0 |a Hướng dẫn sử dụng Photoshop 7.0 
245 0 |c Quang Huy 
260 |a Hà Nội 
260 |b Thống kê 
260 |c 2002 
520 |a Nội dung sách giới thiệu những điểm mới trong Photoshop 7.0. Khảo sát vùng làm việc với Photoshop 7.0. Nhập các file ảnh vào Photoshop và ImageReady. Làm việc với các mẫu màu trong Photoshop 7.0... 
650 |a Adobe Photoshop (phần mềm máy tính),Adobe Photoshop (Computer software) 
910 |b dqhieu 
980 |a Trung tâm Học liệu Trường Đại học Cần Thơ